| 000 | 00630nam a2200205 4500 | ||
|---|---|---|---|
| 008 | 240209b |||||||| |||| 00| 0 eng d | ||
| 016 | _2retro2021 | ||
| 020 | _a978028486 | ||
| 040 |
_aNLN _bEng |
||
| 050 |
_aTK453 _b.O27 |
||
| 082 | _a621.3 | ||
| 100 |
_aODUNSI, Johnson A. _eaut _928983 |
||
| 245 |
_aElectrical maintenance and repair / _cJohnson A. Odunsi |
||
| 260 |
_aSomolu, Lagos state ( 5, Farty street ) : _bAyenbros Ent, _c1998 |
||
| 300 |
_a140p. ill. _b; 20cm |
||
| 563 | _a(pbk) | ||
| 650 |
_aElectric Engineering _vSafety Measure _928984 |
||
| 650 |
_aElectrical Engineering _vMaterials _932541 |
||
| 942 | _cBK | ||
| 999 |
_c16552 _d16552 |
||